|
|
|
|
| LEADER |
00000cam a2200000 7i4500 |
| 001 |
0000027496 |
| 005 |
20241118.0 |
| 008 |
170327 my a may |
| 020 |
|
|
|a 9834034709
|
| 040 |
|
|
|a INS
|b eng
|e rda
|
| 090 |
0 |
0 |
|a QA76.9
|b A23 2003
|
| 100 |
0 |
|
|a Abdullah Embong ,
|e author
|
| 245 |
1 |
0 |
|a Sistem Pangkalan Data :
|b Konsep asas, reka bentuk dan pelaksanaan
|c Abdullah Embong
|
| 250 |
|
|
|a Edisi Kedua
|
| 264 |
|
1 |
|a Selangor :
|b Tradisi Ilmu Sdn Bhd
|c 2003
|
| 300 |
|
|
|a xvii, 422 pages :
|b illustrasi ;
|c 23 cm.
|
| 336 |
|
|
|a text
|2 rdacontent
|
| 337 |
|
|
|a unmediated
|2 rdamedia
|
| 338 |
|
|
|a volume
|2 rdacarrier
|
| 504 |
|
|
|a Includes bibliographical references and index
|
| 650 |
|
0 |
|a Database management
|x Study and teaching (higher)
|
| 650 |
|
0 |
|a Databases design
|x Study and teaching (higher)
|
| 650 |
|
0 |
|a Databases
|x Study and teaching (higher)
|
| 999 |
|
|
|a 0000022593
|b BOOK
|c Open Shelf
|e Default branch
|